Creating A 3D Animated Cgi Shor (Record no. 25971)

MARC details
000 -LEADER
fixed length control field 00340nam a22001457a 4500
003 - CONTROL NUMBER IDENTIFIER
control field OSt
005 - DATE AND TIME OF LATEST TRANSACTION
control field 20220104114238.0
008 - FIXED-LENGTH DATA ELEMENTS--GENERAL INFORMATION
fixed length control field 220104b |||||||| |||| 00| 0 eng d
020 ## - INTERNATIONAL STANDARD BOOK NUMBER
International Standard Book Number 9780763782641
040 ## - CATALOGING SOURCE
Transcribing agency HU
082 ## - DEWEY DECIMAL CLASSIFICATION NUMBER
Classification number 006.696
100 ## - MAIN ENTRY--PERSONAL NAME
Personal name Scaramozzind
9 (RLIN) 27075
245 ## - TITLE STATEMENT
Title Creating A 3D Animated Cgi Shor
942 ## - ADDED ENTRY ELEMENTS (KOHA)
Source of classification or shelving scheme Dewey Decimal Classification
Koha item type Books like text book referance book
Suppress in OPAC No

No items available.